Statistieken voor Curaçao Trivia Quiz

Klik hier om de quiz te nemen!

Algemene statistieken

  • Deze quiz is 236 keer genomen
  • De gemiddelde score is 10 van 20

Antwoordstatistieken

HintAntwoord% Correct
Dichtstbijzijnde Nederlandse eilandenAruba
95%
Dichtstbijzijnde Nederlandse eilandenBonaire
95%
HoofdstadWillemstad
93%
Curaçao ligt voor de kust van dit landVenezuela
84%
Officiële talen naast NederlandsEngels
77%
MunteenheidAntilliaanse gulden
71%
Officiële talen naast NederlandsPapiaments
64%
Eiland net ten oosten van Curaçao dat bij het land hoort{Klein} Curaçao
62%
Curaçao werd rond 1800 kortstondig veroverd door dit landVerenigd Koninkrijk
51%
Vanaf 1665 werd Curaçao een van de middelpunten van ________ , vooral als doorvoerpunt naar andere koloniënslavenhandel
47%
Naam van deze groep eilanden{Benedenwindse} eilanden
44%
Nederlands bedrijf dat Curaçao op de Spanjaarden veroverdeVerenigde West-Indische Compagnie
43%
Afgeplatte berg in het oosten van het eiland{Tafel}berg
39%
Hoogste berg van het eiland{Sint}-{Christoffel}berg
34%
Deze haven is de grootste _______ haven ter wereldnatuurlijke
26%
In 1914 werd dit complex op het eiland gebouwd, wat in de Tweede Wereldoorlog een belangrijke rol vervulde maar nu als "De schande van Shell" bekend staat door vervuilingenOlieraffinaderij Isla
26%
Ontdekker van Curaçao in 1499Alonso de Ojeda
23%
Naam van de haven van de hoofdstadHet Schottegat
23%
Fort in het hart van de hoofdstadFort {Amsterdam}
22%
Tot 1973 werd hier deze stof uit de grond gehaaldFosfaat
21%

Scoreverdeling

Percentiel versus Aantal Correcte Antwoorden

Procent van Mensen met Elke Score

Uw Scoregeschiedenis

U heeft deze quiz nog niet genomen